Lavoisier Abonnements Guide Technique 1994

保存先:
書誌詳細
フォーマット: 図書
言語:Undetermined
出版事項: Paris 1994
主題:
タグ: タグ追加
タグなし, このレコードへの初めてのタグを付けませんか!
Thư viện lưu trữ: Trung tâm Học liệu Trường Đại học Cần Thơ
LEADER 00429nam a2200157Ia 4500
001 CTU_28108
008 210402s9999 xx 000 0 und d
082 |a 629.1326 
082 |b L392 
245 0 |a Lavoisier Abonnements 
245 0 |b Guide Technique 1994 
260 |a Paris 
260 |c 1994 
650 |a technology - information services 
904 |i Sáng, 981007 
980 |a Trung tâm Học liệu Trường Đại học Cần Thơ